000 00542nam a2200193Ia 4500
008 220216s9999 xx 000 0 und d
100 _aPinto L F G
245 0 _aYield and performance of sugarcane in on-farm interface with rubber in Brazil
260 _bPesquisa Agropecuaria Brasileira
_c2006
300 _a251-255
650 _aAgroforestry systems
650 _aBiomass production
650 _aCrop yield
650 _aOnfarm production
700 _aBernardes M S
700 _aPereira A R
856 _uCAB CD
942 _cJS
999 _c72537
_d72537